Combat aircraft of World War II 1944-1945

Bibliographic Details
Main Author: Angelucci, Enzo
Other Authors: Matricardi, Paolo
Format: Book
Published: London : Salamader Book , 1988
Subjects:

MARC

LEADER 00000cam a2200000 7i4500
001 0000002839
002 000003073
005 20000330.0
020 |a 0861014189 
090 0 0 |a 358.4183   |b ANG 
100 1 |a Angelucci, Enzo 
245 1 0 |a Combat aircraft of World War II 1944-1945   |c Enzo Angelucci and Paolo Matricardi 
260 |a London :   |b Salamader Book ,   |c 1988 
300 |a 62p. :   |b ill. ;   |c 37cm. 
650 0 0 |a Airplanes, Military   |x History   |y World War, 1944-1945 
700 1 |a Matricardi, Paolo 
999 |a 035170   |b BUKU   |c RUJUKAN   |e PERPUSTAKAAN KOMUNITI PETALING JAYA 
999 |a 035171   |b BUKU   |c PINJAMAN   |e PERPUSTAKAAN KOMUNITI PETALING JAYA